| Tag |
First Indicator |
Second Indicator |
Subfields |
| LEADER |
00000cam a2200000 a 4500 |
| 001 |
in00001482821 |
| 005 |
20151021063424.0 |
| 008 |
981215s1999 miu b 000 0deng |
| 010 |
|
|
|a 98052478
|
| 020 |
|
|
|a 0802846718 (alk. paper)
|
| 035 |
|
|
|a (OCoLC)40567359
|
| 035 |
|
|
|9 AJG3955AM
|
| 040 |
|
|
|a DLC
|c DLC
|d TXA
|d UtOrBLW
|
| 043 |
|
|
|a n-us---
|
| 049 |
|
|
|a TXAM
|
| 050 |
0 |
0 |
|a E886.2
|b .J84 1999
|
| 082 |
0 |
0 |
|a 973.929
|2 21
|
| 245 |
0 |
0 |
|a Judgment day at the White House :
|b a critical declaration exploring moral issues and the political use and abuse of religion /
|c edited by Gabriel J. Fackre.
|
| 264 |
|
1 |
|a Grand Rapids, Mich. :
|b W.B. Eerdmans,
|c [1999]
|
| 264 |
|
4 |
|c ©1999
|
| 300 |
|
|
|a x, 190 pages ;
|c 23 cm.
|
| 336 |
|
|
|a text
|b txt
|2 rdacontent
|
| 337 |
|
|
|a unmediated
|b n
|2 rdamedia
|
| 338 |
|
|
|a volume
|b nc
|2 rdacarrier
|
| 504 |
|
|
|a Includes bibliographical references.
|
| 600 |
1 |
0 |
|a Clinton, Bill,
|d 1946-
|x Ethics.
|
| 600 |
1 |
0 |
|a Clinton, Bill,
|d 1946-
|x Sexual behavior.
|
| 651 |
|
0 |
|a United States
|x Politics and government
|y 1993-2001
|x Moral and ethical aspects.
|
| 650 |
|
0 |
|a Political corruption
|z United States
|x History
|y 20th century.
|
| 651 |
|
0 |
|a United States
|x Moral conditions
|y 20th century.
|
| 650 |
|
0 |
|a Religion and politics
|z United States
|x History
|y 20th century.
|
| 700 |
1 |
|
|a Fackre, Gabriel.
|
| 948 |
|
|
|a c:dm
|
| 999 |
|
|
|a MARS
|
| 999 |
f |
f |
|s 23addc81-6284-3f31-8008-ee604f57f219
|i a8ef2dea-182f-3656-b08e-f3cfd5dec2bf
|t 0
|
| 952 |
f |
f |
|p ric
|a Texas A&M University
|b Rellis Campus
|c Joint Library Facility
|d Remote Storage
|t 0
|e E886.2 .J84 1999
|h Library of Congress classification
|i unmediated -- volume
|m A14824251523
|
| 998 |
f |
f |
|a E886.2 .J84 1999
|t 0
|l Remote Storage
|